header

Between worlds (Record no. 208463)

MARC details
000 -LEADER
fixed length control field 01553nam a2200385Ia 4500
100 1# - MAIN ENTRY--AUTHOR NAME
Personal name Tirosh-Samuelson, Hava,
245 10 - TITLE STATEMENT
Title Between worlds
260 ## - PUBLICATION, DISTRIBUTION, ETC. (IMPRINT)
Place of publication Albany :
Name of publisher State University of New York Press,
Year of publication c1991.
300 ## - PHYSICAL DESCRIPTION
Number of Pages viii, 385 p.
490 1# - SERIES STATEMENT
Series statement SUNY series in Judaica : Hermeneutics, mysticism, and religion
650 #0 - SUBJECT ADDED ENTRY--TOPICAL TERM
Topical Term Rabbis
Topical Term Rabbis
Topical Term Jewish philosophers
Topical Term Judaism
856 40 - ELECTRONIC LOCATION AND ACCESS
Uniform Resource Identifier http://site.ebrary.com/lib/rucke/Doc?id=10588758

No items available.

© 2026 Rongo University
Contact us: librarian | system librarian | Rongo university